| 000 | 01041nab a22002297a 4500 | ||
|---|---|---|---|
| 999 |
_c6067 _d6067 |
||
| 003 | OSt | ||
| 005 | 20260121004031.0 | ||
| 008 | 190514b xxu||||| |||| 00| 0 spa d | ||
| 040 | _cPJ | ||
| 100 |
_95661 _aCurti, Patricio J. |
||
| 245 | 1 | 0 |
_aLey de Identidad de Género : _bel art. 8° bajo la lupa constitucional / _cPatricio J. Curti. |
| 300 | _ap. 105-110 | ||
| 500 | _aCita: TR LALEY AR/DOC/980/2024. | ||
| 505 | _aSumario: I. Nuestro punto de partida.— II. El quid.— III. La "reversión".— IV. Palabras finales. | ||
| 505 | _tFallo comentado: JFam. 2a Nom., Catamarca ~ 20/10/2023 ~ E. E., M. Á. s/ rectificación judicial de identidad de género. | ||
| 650 | 0 |
_9967 _aDERECHO DE FAMILIA |
|
| 650 | 0 |
_94305 _aDERECHO A LA IDENTIDAD DE GÉNERO |
|
| 650 | 0 |
_93533 _aINTERPRETACION DE LA LEY |
|
| 650 | 0 |
_91057 _aJURISPRUDENCIA APLICABLE |
|
| 773 | 0 |
_02844 _93222 _dBuenos Aires : AbeledoPerrot, 1989- _tDerecho de familia. Revista Interdisciplinaria de doctrina y jurisprudencia. Junio 2024-III. _z18511201 |
|
| 942 |
_2udc _cANA |
||